000 00347 a2200157 4500
001 71985
020 _a8528104516
040 _cAnchieta - Colégio São Paulo
100 _aRocha, Ruth
240 1 0 _aO bairro do marcelo
_lpor
245 1 0 _aO bairro do marcelo
300 _a24
362 0 _a2001
650 4 _aLiteratura infantil
942 _cBK
999 _c71985
_d71985